000
00256nam a2200097Ia 4500
001
1253362
005
20251031150952.0
008
251031s9999 xx 000 0 und d
245
0
_c
İLBER ORTAYLI
_a
Y-3 TÜRKLERİN ALTIN ÇAĞI
260
_b
KRONİK YAYINLARI
999
_c
1253362
_d
1253362